| 000 | 00000nam 2200000zi 4500 |
| 001 | 9.928540 |
| 003 | CaOODSP |
| 005 | 20240129130904 |
| 006 | m o d f |
| 007 | cr ||||||||||| |
| 008 | 231011t20232023oncd o f00| 0 fre d |
| 020 | |a9780660682525 |
| 040 | |aCaOODSP|bfre|erda|cCaOODSP |
| 043 | |an-cn--- |
| 086 | 1 |aH139-55/2023F-PDF |
| 245 | 00|aÉmergence du désalkylgidazépam : |bune nouvelle benzodiazépine au Canada. |
| 264 | 1|a[Ottawa] : |bSanté Canada = Health Canada, |c2023. |
| 264 | 4|c©2023 |
| 300 | |a1 ressource en ligne (1 page) : |bgraphiques |
| 336 | |atexte|btxt|2rdacontent/fre |
| 337 | |ainformatique|bc|2rdamedia/fre |
| 338 | |aressource en ligne|bcr|2rdacarrier/fre |
| 500 | |aPublié aussi en anglais sous le titre : Emergence of desalkylgidazepam: a novel benzodiazepine in Canada. |
| 500 | |aTitre de départ. |
| 650 | 6|aBenzodiazépines. |
| 650 | 6|aToxicomanie|zCanada. |
| 710 | 1 |aCanada. |bSanté Canada, |eorganisme de publication. |
| 775 | 08|tEmergence of desalkylgidazepam : |w(CaOODSP)9.928539 |
| 856 | 40|qPDF|s385 Ko|uhttps://publications.gc.ca/collections/collection_2024/sc-hc/H139-55-2023-fra.pdf |
| 986 | |a230490 |